<The> evolution of U.S. airline competition.

Stručná história deregulácie leteckého priemyslu USA na počiatku 70. rokov smerujúca k voľnej konkurencii a strategickému správaniu - zlepšenia pohodlia zákazníka. Chronológia najväčších leteckých spoločností od deregulácie. Konkurencia v leteckom priemysle. Koncentrácia pohybu na 30 najväčších leti...

Ausführliche Beschreibung

Gespeichert in:
Bibliographische Detailangaben
1. Verfasser: Borenstein, S.
Format: Buchkapitel
Sprache:Englisch
Schlagworte:
Tags: Tag hinzufügen
Keine Tags, Fügen Sie das erste Tag hinzu!

MARC

LEADER 00000naa a2200000 4500
001 r009291
005 20220913122700.6
041 0 |a eng 
044 |a US 
245 1 0 |a <The> evolution of U.S. airline competition.  |c S. Borenstein 
520 |a Stručná história deregulácie leteckého priemyslu USA na počiatku 70. rokov smerujúca k voľnej konkurencii a strategickému správaniu - zlepšenia pohodlia zákazníka. Chronológia najväčších leteckých spoločností od deregulácie. Konkurencia v leteckom priemysle. Koncentrácia pohybu na 30 najväčších letiskách. Zahraničná konkurencia. 
610 2 0 |a USA 
610 2 0 |a konkurencia 
610 2 0 |a doprava letecká 
610 2 0 |a riadenie strategické 
610 2 0 |a spoločnosti letecké 
100 1 |a Borenstein, S.